000 00694nam a2200265Ia 4500
003 OSt
005 20221007100717.0
006 a|||||r|||| 00| 0
007 ta
008 221006b |||||||| |||| 00| 0 eng d
024 _a4,951
037 _cTextual
040 _aLCO
_cLCO
_beng
041 _2eng
_aeng
082 _aX72:(Z)y8, L7
100 _aBhargava U.K.
245 0 _aDirect Taxes Manual.2V
260 _aDelhi
_bTaxmann Publications Pvt. Ltd. India
_c1977
300 _avarious
490 _vVol.- 12
650 _aTAX
700 _a Bhargava B.P.
942 _hX72:(Z)y8, L7
_cTEXL
999 _c1174514
_d1174514